Congreso de academias iberoamericanas de derecho /

Zapisane w:
Opis bibliograficzny
Korporacja: Academia Nacional de Derecho y Ciencias Sociales de Córdoba
Format: Książka
Język:hiszpański
Wydane: Córdoba, Argentina : Academia Nacional de Derecho y Ciencias Sociales de Córdoba, 1999, c1999
Seria:(Ediciones de la Academia Nacional de Derecho y Ciencias Sociales de Córdoba ; 14)
Hasła przedmiotowe:
Etykiety: Dodaj etykietę
Nie ma etykietki, Dołącz pierwszą etykiete!

MARC

LEADER 00000nam^a2200000^a^4500
001 000364222
005 20250620000000.0
009 20260310115609.129
037 |a Acervo ITESO - Biblioteca 
041 |a ESP 
082 |a 344. 80074  |b ACA 
110 |a Academia Nacional de Derecho y Ciencias Sociales de Córdoba 
245 1 0 |a Congreso de academias iberoamericanas de derecho / 
264 4 |a Córdoba, Argentina :  |b Academia Nacional de Derecho y Ciencias Sociales de Córdoba,  |c 1999, c1999 
300 |a 1126 p. 
336 |a texto  |b txt  |2 rdacontenido 
337 |a sin mediación  |b n  |2 rdamedio 
338 |a volumen  |b nc  |2 rdasoporte 
440 1 |a (Ediciones de la Academia Nacional de Derecho y Ciencias Sociales de Córdoba ;  |v 14) 
546 |a Contiene algunos artículos en italiano y en francés 
649 |a XX 
650 |a Desarrollo Humano 
650 |a Justicia -  |x Administración 
650 |a Integración Social 
650 |a Educación Superior -  |z Iberoamérica 
650 |a Derecho -  |x Estudio y Enseñanza 
650 |a Derecho -  |z Iberoamérica -  |x Congresos -  |x Tema Principal 
910 |a Fondo General 
920 |a Impresos - Libros 
930 |a Colección General 
905 |a 101 
901 |a 0500257824  |b IT1  |c ACC  |d DT  |i D64094  |u 20250620 
902 |a https://opac.biblio.iteso.mx/vufind/Record/000364222